[Event "Northwest Chess Open"]
[Site "Chess.com"]
[Date "2020.05.10"]
[Round "?"]
[White "Morse, Frank"]
[Black "Zhang, Michelle"]
[Result "1-0"]
[WhiteElo "610"]
[BlackElo "1267"]
[PlyCount "66"]
[EventDate "2020.??.??"]

1. d4 d5 2. c4 e6 3. cxd5 exd5 4. Nc3 Nf6 5. Bf4 c6 6. Nf3 Bf5 7. g3 Bb4 8. a3
Ba5 9. b4 Bc7 10. Bxc7 Qxc7 11. Bg2 O-O 12. O-O Qc8 13. Rc1 Bh3 14. b5 Bxg2 15.
Kxg2 a6 16. a4 Ne4 17. bxc6 bxc6 18. Nxd5 Qf5 19. Ne7+ Kh8 20. Nxf5 g6 21. Ne3
Rd8 22. Qc2 f5 23. Qb2 Nd7 24. d5+ Ndf6 25. dxc6 Rac8 26. c7 Rf8 27. Rfd1 Kg8
28. Qb3+ Kh8 29. Qb7 Ng4 30. Qb2+ Kg8 31. Rd7 Ngf6 32. Rd4 Ng4 33. Nd5 Rce8 1-0

[Event "Northwest Chess Open"]
[Site "Chess.com"]
[Date "2020.05.10"]
[Round "?"]
[White "Morse, Frank"]
[Black "Joshi, Atharva"]
[Result "0-1"]
[WhiteElo "610"]
[BlackElo "1332"]
[PlyCount "150"]
[EventDate "2020.??.??"]

1. d4 Nf6 2. Nc3 d5 3. Bf4 a6 4. Nf3 e6 5. g3 Bb4 6. a3 Ba5 7. Bg2 O-O 8. O-O
Bb6 9. Qd3 c5 10. e3 c4 11. Qd2 Ba5 12. b4 cxb3 13. cxb3 Ne4 14. Qd3 Bxc3 15.
Rac1 Ba5 16. h4 Nc6 17. Bg5 f6 18. Bf4 Bc7 19. Bxc7 Qxc7 20. b4 Qd8 21. Rb1 Bd7
22. b5 axb5 23. Qxb5 Nxd4 24. Qxb7 Nxf3+ 25. Bxf3 Nd2 26. Qb2 Nxf1 27. Kxf1 Rb8
28. Qc2 Rxb1+ 29. Qxb1 Qb8 30. Qc2 Qb5+ 31. Kg2 Qc4 32. Qb1 Qa4 33. Qb7 Bc6 34.
Qc7 Qa6 35. Bh5 g6 36. Bf3 Qb7 37. Qd6 Qd7 38. Qb4 Bb5 39. Qg4 Bc4 40. h5 f5
41. Qg5 Qg7 42. h6 Qf6 43. Qf4 e5 44. Qh4 Qxh4 45. gxh4 Ra8 46. Kh3 Rxa3 47.
Kg3 e4 48. Bh1 Be2 49. Kf4 Ra1 50. Bg2 Kf7 51. Bh3 Kf6 52. h5 g5+ 53. Kg3 Bf3
54. Bxf5 Kxf5 55. Kh3 Ke6 56. Kh2 Kd6 57. Kg3 Kc5 58. Kh3 Kb6 59. Kh2 Kc5 60.
Kh3 Kc4 61. Kg3 Kd3 62. Kh2 Ke2 63. Kg3 Rb1 64. Kh2 Kxf2 65. Kh3 Kxe3 66. Kg3
Ke2 67. Kh3 Kf2 68. Kh2 d4 69. Kh3 d3 70. Kh2 d2 71. Kh3 e3 72. Kh2 e2 73. Kh3
d1=R 74. Kh2 e1=R 75. Kh3 Rh1# 0-1